000 00513nam a2200169 i 4500
001 76991
003 ES-MaACL
005 20230906173038.0
007 t|
008 041006s1960 sp ||||1| spa d
100 1 _aGuth, Paul.
_961034
245 1 3 _aEl ingenuo y los cuarenta niños /
_cnovela, Paul Guth ; [traducción del francés por Enrique de Juan].
260 _aBarcelona :
_bCaralt,
_c[1960]
300 _a259 p. ;
_c24 cm.
700 1 _aJuan, Enrique de.
_967090
852 _aES-MaACL
_jC-19112
_bR.46567
999 _c76991
_d76991